Fronteras del iluminismo /

সংরক্ষণ করুন:
গ্রন্থ-পঞ্জীর বিবরন
প্রধান লেখক: Segre Malagoli, Enzo (coord.)
অন্যান্য লেখক: Moreno Navarro, Isidoro (coordinación) (coordinación)
বিন্যাস: গ্রন্থ
ভাষা:স্প্যানিশ
প্রকাশিত: México : Universidad Autónoma Metropolitana Iztapalapa, Departamento de Antropología : Juan Pablos, 2012, c2012
মালা:(Biblioteca de Alteridades ; Archipiélagos. Red Internacional de Antropología) 20.
বিষয়গুলি:
ট্যাগগুলো: ট্যাগ যুক্ত করুন
কোনো ট্যাগ নেই, প্রথমজন হিসাবে ট্যাগ করুন!

MARC

LEADER 00000nam^a2200000^a^4500
001 000325275
005 20250521000000.0
009 20260310113733.296
020 |a 978-607-477-680-5 
020 |a 978-607-711-061-3 
037 |a Acervo ITESO - Biblioteca 
041 |a ESP 
082 |a 190.  |b SEG 
100 |a Segre Malagoli, Enzo  |e (coord.) 
245 1 0 |a Fronteras del iluminismo /  |c Coord. de E. Segre Malagoli, I. Moreno Navarro. 
264 4 |a México :  |b Universidad Autónoma Metropolitana Iztapalapa, Departamento de Antropología :  |b Juan Pablos,  |c 2012, c2012 
300 |a 266 p. 
336 |a texto  |b txt  |2 rdacontenido 
337 |a sin mediación  |b n  |2 rdamedio 
338 |a volumen  |b nc  |2 rdasoporte 
440 1 |a (Biblioteca de Alteridades ;  |v 20.  |p Archipiélagos.  |p Red Internacional de Antropología) 
649 |a XX 
650 |a Ilustración (Filosofía) -  |x Historia y Crítica -  |x Tema Principal 
650 |a Tecnología -  |x Filosofía 
650 |a Desarrollo Tecnológico 
650 |a Tecnología y Sociedad 
650 |a Antropología Filosófica 
650 |a Modernidad y Posmodernidad 
650 |a Filosofía y Religión 
650 |a Filosofía Moderna -  |x Historia y Crítica 
700 |a Moreno Navarro, Isidoro  |e (coordinación) 
910 |a Fondo General 
920 |a Impresos - Libros 
930 |a Colección General 
905 |a 101 
901 |a 0500213746  |b IT1  |c ACC  |i C133301  |u 20250521 
902 |a https://opac.biblio.iteso.mx/vufind/Record/000325275